00810ngm a2200205 a 450000500170000000800410001708200190005824500560007725000190013330000630015249000390021550000910025465000680034570000260041326400420043933600270048133700330050833800280054104000350056920220317001302.0160825s1978 ck g 000 0 spa 04a791.436bM14ga10aGamíncdirección Ciro Duránhvideograbación a1a. edición  a1 videocasete en VHS (110 minutos)bsonido, color c20 cm  aLa maletappelículas colombianas aLa película pertenece a la colección La Maleta. Dirigida para un público adulto.142LEMBaPelículas cinematográficas colombianasvVideocasetes  aDurán, Cirod1937-  aBogotábMinisterio de Culturac1978 atextobtxt2rdacontent asin mediaciónbn2rdamedia avolumenbnc2rdacarrier aCO-BoRNBPbspaerdacCO-BoRNBP